Modelando y pintando: múltiples ideas para realizar con los niños

Salvato in:
Dettagli Bibliografici
Autori principali: Gibson, Ray (Autore), Tyler, Jenny (Autore)
Natura: Libro
Lingua:spagnolo
Pubblicazione: Buenos Aires Lumen 1990
Serie:Colección Nos Divertimos
Soggetti:
Tags: Aggiungi Tag
Nessun Tag, puoi essere il primo ad aggiungerne!!

MARC

LEADER 00000nam a2200000 a 4500
001 UCZ1328
003 CL-VaPUC
008 950817e19900000AG |||||||||||||||||spa|d
082 0 4 |a 372.5  |b GIB  |2 21 
100 |a Gibson, Ray  |e author  |9 344969 
700 0 |a Tyler, Jenny  |e author  |9 344877 
245 1 0 |a Modelando y pintando: múltiples ideas para realizar con los niños 
300 |a 32 p 
942 |c BK 
945 |d 19950817 00:00:00  |a rbrito 
260 |a Buenos Aires  |b Lumen  |c 1990 
650 0 |a Creatividad   |9 310816 
650 0 |a Artes plásticas  |9 268637 
650 0 |a Educación artística  |9 269035 
583 |a last modification  |c 20170828 12:57:05  |k Rodrigo Vera 
490 0 |a Colección Nos Divertimos 
999 |c 238087  |d 238085 
952 |0 0  |1 0  |4 0  |6 372_500000000000000_GIB_1990  |7 0  |8 A  |9 248077  |a BIBEDU  |b BIBEDU  |d 2019-11-18  |i 3118061  |o 372.5 GIB 1990  |p 3118061  |r 2019-11-18  |w 2019-11-18  |y BK  |k EPE